| 000 | 00880nam a2200205 a 4500 | ||
|---|---|---|---|
| 005 | 20200104041544.0 | ||
| 008 | 140312b2003 cl ||||| |||| 00| 0 spa d | ||
| 040 |
_aCO-BoIAVH _cCO-BoIAVH |
||
| 041 | 0 | _aspa | |
| 044 | _acl | ||
| 082 | 0 |
_a333.95 _bC74i |
|
| 111 | 2 |
_aCongreso Internacional, Gestión en Recursos Naturales _cHotel Villa del Río, Valdivia, Chile _dAbril 21-25, 2003 _n6 |
|
| 245 | 1 | 3 |
_aVI congreso internacional, gestión en recursos naturales _bprograma y libros de resúmenes / |
| 260 |
_aValdivia (Chike) : _bCEA, _c2003. |
||
| 300 |
_a126 páginas : _btablas ; _c29 x 22 cm. |
||
| 650 | 2 | 6 |
_aRecursos naturales _xDesarrollo sostenible _vCongresos, conferencias, etc. |
| 650 | 2 | 6 |
_aConservación de la diversidad biológica _xDesarrollo sostenible _vCongresos, conferencias, etc. |
| 650 | 2 | 6 | _aEducación ambiental |
| 942 |
_cLIBRO _2ddc |
||
| 999 |
_c3874 _d3874 |
||